000 00824nam a2200253Ia 4500
003 OSt
005 20220930085432.0
006 a|||||r|||| 00| 0
007 ta
008 220926b |||||||| |||| 00| 0 eng d
024 _a100056
037 _cTheses
040 _aCRL
_cCRL
_beng
041 _2eng
_aeng
100 _aSharma Poonam
_9371809
110 _aUniversity of Delhi. Facaulty of Science. Department of Botany
245 0 _aFormulation of bacterial consortia for bioremediation of tannery effluents
650 _aBOTANY
700 _a Dr. Dinabandhu Sahoo Gu.
_9539262
700 _a Dr. Rita Kumar Gu.
_9540267
700 _aUniversity of Delhi. Facaulty of Science. Department of Botany
942 _cDIS
_2CC
999 _c878911
_d878911